Statistics for Biggest U.S. Cities by Letter - F

Click here to take the quiz!

General Stats

  • This quiz has been taken 8,111 times
    (762 since last reset)
  • The average score is 8 of 14

Answer Stats

Population State Clue City % Correct
895,008TexasNeighbor of DallasFort {Worth}
97%
530,093CaliforniaCentral ValleyFresno
86%
267,633IndianaSecond biggest in its stateFort {Wayne}
82%
124,844North DakotaLargest in its stateFargo
82%
182,595FloridaJust North of MiamiFort {Lauderdale}
75%
95,943MichiganFamous for its urban decay Flint
71%
167,830ColoradoColorado State UniversityFort {Collins}
62%
209,468North CarolinaFort BraggFayetteville
45%
188,170TexasSometimes confused for San FranciscoFrisco
45%
237,807CaliforniaBay Area city named for a generalFremont
42%
139,640CaliforniaCal StateFullerton
40%
97,044WashingtonSeattle suburb{Federal} Way
30%
213,739CaliforniaSan Bernardino countyFontana
25%
116,884CaliforniaNamed after a city in ConnecticutFairfield
25%

Score Distribution

Percentile by Number Answered

Percent of People with Each Score

Your Score History

You have not taken this quiz since the last reset